<?xml version="1.0" encoding="UTF-8"?>
<record
    xmlns:xsi="http://www.w3.org/2001/XMLSchema-instance"
    xsi:schemaLocation="http://www.loc.gov/MARC21/slim http://www.loc.gov/standards/marcxml/schema/MARC21slim.xsd"
    xmlns="http://www.loc.gov/MARC21/slim">

  <leader>01638cam a22002537i 4500</leader>
  <datafield tag="999" ind1=" " ind2=" ">
    <subfield code="c">58721</subfield>
    <subfield code="d">58721</subfield>
  </datafield>
  <controlfield tag="001">20610329</controlfield>
  <controlfield tag="005">20221108161758.0</controlfield>
  <controlfield tag="008">180802s2018    enkab    b    001 0 eng d</controlfield>
  <datafield tag="010" ind1=" " ind2=" ">
    <subfield code="a">  2017277992</subfield>
  </datafield>
  <datafield tag="020" ind1=" " ind2=" ">
    <subfield code="a">9780128050590 X</subfield>
    <subfield code="q">paperback</subfield>
  </datafield>
  <datafield tag="080" ind1=" " ind2=" ">
    <subfield code="a">005.7 R-31</subfield>
  </datafield>
  <datafield tag="100" ind1="1" ind2=" ">
    <subfield code="a">Andersen, Jan,</subfield>
    <subfield code="e">author.</subfield>
    <subfield code="9">14304</subfield>
  </datafield>
  <datafield tag="245" ind1="1" ind2="0">
    <subfield code="a">Research management :</subfield>
    <subfield code="b">Europe and beyond /</subfield>
    <subfield code="c">Jan Andersen (Team Coordinator, Senior Executive Officer, Technical University of Denmark), Kristel Toom (Research Coordinator, School of Humanities, Tallinn University, Estonia), Susi Poli (Doctoral Candidate, University College London, Institute of Education London, Department of Education), Practice and Society, United Kingdom, New Higher Education and Research Professional -- Research and Third Mission Division, Italy), Pamela F. Miller (Interim executive director, Sponsored Projects Office, University of California at Berkeley, United States).</subfield>
  </datafield>
  <datafield tag="264" ind1=" " ind2="1">
    <subfield code="a">London, UK :</subfield>
    <subfield code="b">Academic Press, an imprint of Elsevier,</subfield>
    <subfield code="c">[2018]</subfield>
  </datafield>
  <datafield tag="300" ind1=" " ind2=" ">
    <subfield code="a">xvii, 360 pages :</subfield>
    <subfield code="b">illustrations ;</subfield>
    <subfield code="c">23 cm</subfield>
  </datafield>
  <datafield tag="338" ind1=" " ind2=" ">
    <subfield code="a">volume</subfield>
    <subfield code="b">nc</subfield>
    <subfield code="2">rdacarrier</subfield>
  </datafield>
  <datafield tag="651" ind1=" " ind2="7">
    <subfield code="a">Europe.</subfield>
    <subfield code="2">fast</subfield>
    <subfield code="0">(OCoLC)fst01245064</subfield>
    <subfield code="9">14309</subfield>
  </datafield>
  <datafield tag="653" ind1=" " ind2=" ">
    <subfield code="a">&#x10D9;&#x10D5;&#x10DA;&#x10D4;&#x10D5;&#x10D8;&#x10E1; &#x10DB;&#x10D4;&#x10DC;&#x10D4;&#x10EF;&#x10DB;&#x10D4;&#x10DC;&#x10E2;&#x10D8;&#x10D4;&#x10D5;&#x10E0;&#x10DD;&#x10DE;&#x10D0;&#x10E1;&#x10D0; &#x10D3;&#x10D0; &#x10DB;&#x10D8;&#x10E1; &#x10E4;&#x10D0;&#x10E0;&#x10D2;&#x10DA;&#x10D4;&#x10D1;&#x10E1; &#x10D2;&#x10D0;&#x10E0;&#x10D4;&#x10D7; </subfield>
  </datafield>
  <datafield tag="700" ind1="1" ind2=" ">
    <subfield code="a">Toom, Kristel,</subfield>
    <subfield code="e">author.</subfield>
    <subfield code="9">14310</subfield>
  </datafield>
  <datafield tag="700" ind1="1" ind2=" ">
    <subfield code="a">Poli, Susi,</subfield>
    <subfield code="e">author.</subfield>
    <subfield code="9">14311</subfield>
  </datafield>
  <datafield tag="700" ind1="1" ind2=" ">
    <subfield code="a">Miller, Pamela F.,</subfield>
    <subfield code="e">author.</subfield>
    <subfield code="9">14312</subfield>
  </datafield>
  <datafield tag="776" ind1="0" ind2="8">
    <subfield code="i">Electronic version:</subfield>
    <subfield code="a">Andersen, Jan.</subfield>
    <subfield code="t">Research management.</subfield>
    <subfield code="d">London, UK : Academic Press, an imprint of Elsevier, [2018]</subfield>
    <subfield code="z">9780128052082</subfield>
    <subfield code="w">(OCoLC)1010494423</subfield>
  </datafield>
  <datafield tag="942" ind1=" " ind2=" ">
    <subfield code="2">udc</subfield>
    <subfield code="c">BK</subfield>
  </datafield>
  <datafield tag="952" ind1=" " ind2=" ">
    <subfield code="0">0</subfield>
    <subfield code="1">0</subfield>
    <subfield code="2">udc</subfield>
    <subfield code="4">0</subfield>
    <subfield code="6">0057_R31</subfield>
    <subfield code="7">0</subfield>
    <subfield code="9">92361</subfield>
    <subfield code="a">CPL</subfield>
    <subfield code="b">CPL</subfield>
    <subfield code="c">GEN</subfield>
    <subfield code="d">2022-07-07</subfield>
    <subfield code="g">181.00</subfield>
    <subfield code="o">005.7 R-31</subfield>
    <subfield code="p">62956</subfield>
    <subfield code="r">2022-07-07</subfield>
    <subfield code="t">62956</subfield>
    <subfield code="w">2022-07-07</subfield>
    <subfield code="y">BK</subfield>
    <subfield code="z">181gel.</subfield>
  </datafield>
</record>
